00465nam a22001457a 450000500170000001000150001702000250003203500130005703700130007010000240008324500780010726000440018527000690022930000210029820130726115954.0 aENG-108153 a9788170589334c70.00 aEN-91686 bDBAD/PUB aGupta, Nolini Kanta aThe mother abides :bfinal reflections 1973-1983 /cby Nolini Kanta Gupta aPondicherrybSri Aurobindo Ashramc2012 bPondicherrye605002aSri Aurobindo Ashram Publication Department a118p.c20cm(pbk)